000 00720nam a2200253Ia 4500
003 OSt
005 20221006150943.0
006 a|||||r|||| 00| 0
007 ta
008 221006b |||||||| |||| 00| 0 jpn d
024 _a20,339
037 _bGift, Japan Foundation
_cTextual
040 _aEASL
_cEASL
_bjpn
041 _2jpn
_ajpn
082 _aX:326v1.N8, M4
100 _aSHAKAI KEIZAISHIGAKKAI Ed.
_9658012
245 0 _aShakai Keizaishi no kadai to tembo
260 _aTokyo
_bYuhikaku Japan
_c1984
300 _a375p.
_ccm.
490 _v JL
650 _aJL
942 _hX:326v1.N8, M4
_cTEXL
_2CC
999 _c1088425
_d1088425